1934 1840 1286 1833 1575 1340 1397 1869 1512 1128 1920 1169 1211 1568 1199 1191 1503 1566 1515 1316 1272 1933 1348 1005 1851 1134 1686 1660 1520 1132 1404 1852 1355 1697 1817 1960 1669 1759 1693 1877 1899 1312 1313 1482 1199 1554 1940 1510 1824 1164 1219 1730 1014 1904 1253 1250 1791 1737 1534 1939 1834 1337 1898 1067 1054 1361 1355 1160 1580 1076 1845 1986 1889 1740 1941 1157 1170 1548 1342 1790 1847 1669 1242 1571 1894 1656 1974 1374 1362 1284 1794 1077 1936 1032 1241 1674 1973 1290 1173 BCNSPRNW ULIB Ver.6.0+V

เปลี่ยนเป็นภาษาไทย

Change to English
 แสดงรายละเอียดบรรณานุกรม
  กลับหน้าหลัก

Brief Record : Get Marc (ISO 2709) : E-mail record : QR code < ปิดหน้าต่าง
LEADER : 00000nam 2200000uu 4500
001    13399111802
003     ULIB
008    110708s2550||||th 000 0 tha d
020    9789741357857
050  4 DS570.4^bส882พ 2550
100 0  สุวิสุทธิ์
245 10 พระพี่--ในพระราชหฤทัยสามดวงใจแห่งความผูกพัน /^cสุวิสุทธิ์
246 14 พระพี่ในพระราชหฤทัยสามดวงใจแห่งความผูกพัน
246 30 พระพี่...ในพระราชหฤทัยสามดวงใจแห่งความผูกพัน
250    พิมพ์ครั้งที่ 1
260    กรุงเทพฯ :^bกรีน-ปัญญาญาณ,^c2550
300    161, [6] หน้า :^bภาพประกอบ ;^c21 ซม.
500    ชื่อเรื่องบนปก: พระพี่ในพระราชหฤทัยสามดวงใจแห่งความผูกพัน
600 07 กัลยาณิวัฒนา กรมหลวงนราธิวาสราชนครินทร์,^cสมเด็จพระเจ้าพี่นางเธอ เจ้าฟ้า,^d2466-2551
650  4 ชีวประวัติ
945    ^p150^l0^i023331
995    ทศพร
999 ^a ใช้งานได้ทุกระบบ
รายการนี้ยังไม่มีแท็ก
คุณยังไม่ได้ล็อกอิน คุณสามารถมีกิจกรรมร่วมกับเว็บไซต์ได้ แต่ต้องล็อกอินก่อน ::
  ล็อกอิน

รายการสื่อสารสนเทศ

ลำดับที่ ประเภท เลขเรียก/บาร์โค้ด สถานที่ สถานะ
- ไม่พบข้อมูล -

รายการใกล้เคียง
    ผู้แต่ง [สุวิสุทธิ์]

    หัวเรื่อง [ชีวประวัติ]

BibComment


ยังไม่เคยถูกคอมเมนท์

คอมเมนท์ทรัพยากรรายการนี้
  คอมเมนท์: พระพี่ในพระราชหฤท..


 Copyright 2026. Bcnsprnw @Library